[Event "Stay Safe Play From Home 396"]
[Site "Emanuel Lasker Arena"]
[Date "2020.08.19"]
[Round "3"]
[White "Tunca"]
[Black "matematyk3"]
[Result "1/2-1/2"]
[WhiteElo "1745"]
[BlackElo "1479"]
[Annotator "NA"]
[PlyCount "134"]
[EventDate "2020.08.19"]
[EventType "swiss (blitz)"]

1. e4 {[%emt 0:00:02]} c5 {[%emt 0:00:02]} 2. Nf3 {[%emt 0:00:03]} Nc6 {[%emt 0:00:02]} 3. d4 {[%emt 0:00:01]} cxd4 {[%emt 0:00:02]} 4. Nxd4 {[%emt 0:00:00]} e5 {[%emt 0:00:03]} 5. Nb5 {[%emt 0:00:02]} d6 {[%emt 0:00:02]} 6. N1c3 {[%emt 0:00:02]} a6 {[%emt 0:00:01]} 7. Na3 {[%emt 0:00:00]} Nf6 {[%emt 0:00:01]} 8. Bg5 {[%emt 0:00:01]} Be7 {[%emt 0:00:03]} 9. Be2 {[%emt 0:00:20]} Nxe4 {[%emt 0:00:07]} 10. Nxe4 {[%emt 0:00:12]} Bxg5 {[%emt 0:00:07]} 11. Nxg5 {[%emt 0:00:01]} Qxg5 {[%emt 0:00:01]} 12. Qxd6 {[%emt 0:00:01]} Qxg2 {[%emt 0:00:07]} 13. O-O-O {[%emt 0:00:02]} Be6 {[%emt 0:00:22]} 14. Qc7 {[%emt 0:00:56]} O-O {[%emt 0:00:13]} 15. Rhg1 {[%emt 0:00:10]} Qxf2 {[%emt 0:00:06]} 16. Qxb7 {[%emt 0:00:29]} Qe3+ {[%emt 0:00:22]} 17. Kb1 {[%emt 0:00:08]} Nd4 {[%emt 0:00:06]} 18. Bd3 {[%emt 0:00:07]} Rfb8 {[%emt 0:00:18]} 19. Qg2 {[%emt 0:00:05]} g6 {[%emt 0:00:05]} 20. Rde1 {[%emt 0:00:06]} Qf3 {[%emt 0:00:04]} 21. Qg5 {[%emt 0:00:09]} Qb7 {[%emt 0:00:06]} 22. Qc1 {[%emt 0:00:05]} Nf3 {[%emt 0:00:03]} 23. Rgf1 {[%emt 0:00:11]} Nxe1 {[%emt 0:00:02]} 24. Rxe1 {[%emt 0:00:00]} Qb4 {[%emt 0:00:11]} 25. Ka1 {[%emt 0:00:05]} Qd4 {[%emt 0:00:07]} 26. Re4 {[%emt 0:00:09]} Qf2 {[%emt 0:00:09]} 27. Re2 {[%emt 0:00:19]} Qc5 {[%emt 0:00:05]} 28. h4 {[%emt 0:00:03]} Qd5 {[%emt 0:00:02]} 29. Bc4 {[%emt 0:00:04]} Qf3 {[%emt 0:00:09]} 30. Re3 {[%emt 0:00:05]} Qc6 {[%emt 0:00:07]} 31. Bxe6 {[%emt 0:00:07]} Qxe6 {[%emt 0:00:02]} 32. h5 {[%emt 0:00:00]} Rd8 {[%emt 0:00:10]} 33. hxg6 {[%emt 0:00:02]} fxg6 {[%emt 0:00:01]} 34. Qe1 {[%emt 0:00:02]} Rac8 {[%emt 0:00:07]} 35. Rxe5 {[%emt 0:00:04]} Rd1+ {[%emt 0:00:05]} 36. Qxd1 {[%emt 0:00:01]} Qxe5 {[%emt 0:00:01]} 37. Nb1 {[%emt 0:00:03]} Qf5 {[%emt 0:00:09]} 38. Nc3 {[%emt 0:00:02]} Rf8 {[%emt 0:00:06]} 39. Nb1 {[%emt 0:00:10]} Qf1 {[%emt 0:00:06]} 40. Qd5+ {[%emt 0:00:01]} Qf7 {[%emt 0:00:02]} 41. Qd6 {[%emt 0:00:02]} Qf6 {[%emt 0:00:03]} 42. Qd5+ {[%emt 0:00:01]} Kg7 {[%emt 0:00:02]} 43. a3 {[%emt 0:00:01]} Rb8 {[%emt 0:00:06]} 44. Nc3 {[%emt 0:00:03]} Qf1+ {[%emt 0:00:03]} 45. Ka2 {[%emt 0:00:01]} Qf7 {[%emt 0:00:02]} 46. b3 {[%emt 0:00:04]} Qxd5 {[%emt 0:00:02]} 47. Nxd5 {[%emt 0:00:00]} Rc8 {[%emt 0:00:03]} 48. c4 {[%emt 0:00:01]} Rc5 {[%emt 0:00:01]} 49. Kb2 {[%emt 0:00:01]} g5 {[%emt 0:00:02]} 50. Kc3 {[%emt 0:00:01]} g4 {[%emt 0:00:01]} 51. Kd4 {[%emt 0:00:01]} Rc8 {[%emt 0:00:04]} 52. Ke4 {[%emt 0:00:01]} h5 {[%emt 0:00:02]} 53. Kf4 {[%emt 0:00:01]} Rb8 {[%emt 0:00:02]} 54. b4 {[%emt 0:00:02]} a5 {[%emt 0:00:02]} 55. Kg5 {[%emt 0:00:01]} axb4 {[%emt 0:00:02]} 56. axb4 {[%emt 0:00:00]} Rd8 {[%emt 0:00:02]} 57. Nf6 {[%emt 0:00:01]} g3 {[%emt 0:00:02]} 58. Nxh5+ {[%emt 0:00:03]} Kf7 {[%emt 0:00:03]} 59. Nxg3 {[%emt 0:00:00] Tunca offers a draw Tunca offers a draw Tunca offers a draw} Rh8 {[%emt 0:00:01]} 60. Nf5 {[%emt 0:00:00]} Rc8 {[%emt 0:00:02]} 61. Nd6+ {[%emt 0:00:01]} Ke7 {[%emt 0:00:01]} 62. Nxc8+ {[%emt 0:00:00]} Kd8 {[%emt 0:00:01]} 63. Nb6 {[%emt 0:00:00]} Kc7 {[%emt 0:00:01]} 64. c5 {[%emt 0:00:00]} Kc6 {[%emt 0:00:01]} 65. Kf5 {[%emt 0:00:00]} Kb5 {[%emt 0:00:01]} 66. Ke6 {[%emt 0:00:00]} Kxb4 {[%emt 0:00:01]} 67. Kd7 {[%emt 0:00:00]} Kxc5 {[%emt 0:00:01] (Lag: Av=0.68s, max=1.0s) (Lag: Av=0.68s, max=1.0s) (Lag: Av=0.68s, max=1.0s)} 1/2-1/2

[Event "Stay Safe Play From Home 396"]
[Site "Emanuel Lasker Arena"]
[Date "2020.08.19"]
[Round "3"]
[White "Erdema"]
[Black "Padmaesh M K"]
[Result "1-0"]
[WhiteElo "1684"]
[BlackElo "1824"]
[Annotator "NA"]
[PlyCount "47"]
[EventDate "2020.08.19"]
[EventType "swiss (blitz)"]

1. e4 {[%emt 0:00:04]} e5 {[%emt 0:00:02]} 2. Nf3 {[%emt 0:00:03]} Nc6 {[%emt 0:00:01]} 3. Bc4 {[%emt 0:00:03]} Bc5 {[%emt 0:00:02]} 4. d3 {[%emt 0:00:03]} d6 {[%emt 0:00:08]} 5. h3 {[%emt 0:00:05]} Nf6 {[%emt 0:00:01]} 6. Ng5 {[%emt 0:00:04]} O-O {[%emt 0:00:02]} 7. O-O {[%emt 0:00:02]} h6 {[%emt 0:00:01]} 8. Nf3 {[%emt 0:00:04]} Be6 {[%emt 0:00:04]} 9. Bxe6 {[%emt 0:00:10]} fxe6 {[%emt 0:00:00]} 10. Be3 {[%emt 0:00:03]} Bb6 {[%emt 0:00:16]} 11. Nc3 {[%emt 0:00:03]} Qe8 {[%emt 0:00:02]} 12. d4 {[%emt 0:00:05]} exd4 {[%emt 0:00:02]} 13. Nxd4 {[%emt 0:00:02]} e5 {[%emt 0:00:10]} 14. Nxc6 {[%emt 0:00:10]} Qxc6 {[%emt 0:00:00]} 15. Nd5 {[%emt 0:00:07]} Bxe3 {[%emt 0:00:16]} 16. Ne7+ {[%emt 0:00:04]} Kh7 {[%emt 0:00:05]} 17. Nxc6 {[%emt 0:00:02]} Bc5 {[%emt 0:00:08]} 18. Ne7 {[%emt 0:00:08]} Rae8 {[%emt 0:00:11]} 19. Nd5 {[%emt 0:00:05]} Nxe4 {[%emt 0:00:01]} 20. Nxc7 {[%emt 0:00:02]} Rc8 {[%emt 0:00:24]} 21. Ne6 {[%emt 0:00:05]} Rxf2 {[%emt 0:00:03]} 22. Nxc5 {[%emt 0:00:03]} Rxf1+ {[%emt 0:00:05]} 23. Qxf1 {[%emt 0:00:03]} Nxc5 {[%emt 0:00:01]} 24. b4 {[%emt 0:00:03] (Lag: Av=0.58s, max=0.8s) (Lag: Av=0.58s, max=0.8s) (Lag: Av=0.58s, max=0.8s)} 1-0

[Event "Stay Safe Play From Home 396"]
[Site "Emanuel Lasker Arena"]
[Date "2020.08.19"]
[Round "4"]
[White "Haris kollari 13"]
[Black "Mepe_Nika"]
[Result "0-1"]
[WhiteElo "1936"]
[BlackElo "2367"]
[Annotator "NA RC"]
[PlyCount "66"]
[EventDate "2020.08.19"]
[EventType "swiss (blitz)"]

1. e4 {[%emt 0:00:02]} c6 {[%emt 0:00:00]} 2. d4 {[%emt 0:00:02]} d5 {[%emt 0:00:00]} 3. exd5 {[%emt 0:00:01]} cxd5 {[%emt 0:00:01]} 4. Bf4 {[%emt 0:00:02]} Nc6 {[%emt 0:00:02]} 5. c3 {[%emt 0:00:01]} Nf6 {[%emt 0:00:01]} 6. Bd3 {[%emt 0:00:01]} Bg4 {[%emt 0:00:01]} 7. Ne2 {[%emt 0:00:01]} e6 {[%emt 0:00:02]} 8. O-O {[%emt 0:00:01]} Bd6 {[%emt 0:00:00]} 9. Bg3 {[%emt 0:00:01]} Bxg3 {[%emt 0:00:02]} 10. hxg3 {[%emt 0:00:01]} O-O {[%emt 0:00:01]} 11. Nd2 {[%emt 0:00:01]} Rb8 {[%emt 0:00:04]} 12. f3 {[%emt 0:00:02]} Bh5 {[%emt 0:00:02]} 13. Kf2 {[%emt 0:00:01]} b5 {[%emt 0:00:02]} 14. Rh1 {[%emt 0:00:02]} b4 {[%emt 0:00:02]} 15. Nf4 {[%emt 0:00:04]} Bg6 {[%emt 0:00:10]} 16. Bxg6 {[%emt 0:00:02]} hxg6 {[%emt 0:00:00]} 17. Rh3 {[%emt 0:00:07]} Re8 {[%emt 0:00:09]} 18. Qh1 {[%emt 0:00:02]} Kf8 {[%emt 0:00:01]} 19. Rc1 {[%emt 0:00:10]} bxc3 {[%emt 0:00:03]} 20. bxc3 {[%emt 0:00:04]} Rb2 {[%emt 0:00:01]} 21. Qd1 {[%emt 0:00:08]} Qa5 {[%emt 0:00:03]} 22. Rh8+ {[%emt 0:00:22]} Ke7 {[%emt 0:00:02]} 23. Rxe8+ {[%emt 0:00:02]} Nxe8 {[%emt 0:00:02]} 24. Kg1 {[%emt 0:00:05]} Nxd4 {[%emt 0:00:04]} 25. Nb3 {[%emt 0:00:03]} Nxb3 {[%emt 0:00:02]} 26. axb3 {[%emt 0:00:01]} Qc5+ {[%emt 0:00:05]} 27. Kh2 {[%emt 0:00:02]} Qe3 {[%emt 0:00:16]} 28. Ra1 {[%emt 0:00:10]} g5 {[%emt 0:00:05]} 29. Nh3 {[%emt 0:00:06]} Nf6 {[%emt 0:00:16]} 30. b4 {[%emt 0:00:21]} g4 {[%emt 0:00:06]} 31. Ng1 {[%emt 0:00:13]} Qh6+ {[%emt 0:00:08]} 32. Nh3 {[%emt 0:00:02]} Qxh3+ {[%emt 0:00:02]} 33. Kg1 {[%emt 0:00:03]} Qxg2# {[%emt 0:00:00] (Lag: Av=0.56s, max=1.1s) (Lag: Av=0.56s, max=1.1s) (Lag: Av=0.56s, max=1.1s)} 0-1

[Event "Stay Safe Play From Home 396"]
[Site "Emanuel Lasker Arena"]
[Date "2020.08.19"]
[Round "4"]
[White "Greblah"]
[Black "Johni"]
[Result "1/2-1/2"]
[WhiteElo "1925"]
[BlackElo "1772"]
[Annotator "TA"]
[PlyCount "121"]
[EventDate "2020.08.19"]
[EventType "swiss (blitz)"]

{[%evp 12,121,25,18,27,17,13,-2,-9,-37,0,0,27,33,13,-22,29,-39,21,20,13,-37,-37,-73,-73,-98,-110,-105,-62,-64,-60,-60,-60,-82,-69,-69,-64,-80,-69,-66,-59,-54,-47,-75,-18,-25,-24,-86,-86,-137,-140,-129,-116,-113,-91,-91,0,0,0,0,0,0,0,0,0,0,0,0,0,0,0,0,0,0,0,-93,-96,-248,-248,-248,-248,-248,-248,-505,-526,-1370,-497,-1154,-837,-1693,-1476,-1522,-1418,-2068,-2343,-1466,-1214,-1479,0,0,0,0,0,0,0,0,0,0,0,0,0,0]} 1. e4 c6 2. d4 d5 3. exd5 cxd5 4. Bd3 Nc6 5. c3 Nf6 6. Ne2 Bg4 7. O-O e6 {B13: Caro-Kann: Exchange Variation and Panov-Botvinnik Attack.} 8. Qe1 Bd6 9. f3 Bh5 $1 10. Qh4 O-O 11. Nf4 {[#]} Bg6 $146 ({Predecessor:} 11... Bxf4 12. Bxf4 Bg6 13. Bxg6 hxg6 14. Bg5 Qb6 15. Qf2 a5 16. Na3 Qa6 17. Rfe1 b5 {1-0 (66) Pena Canapa,A (1810)-Martinez Fernandez,F (1887) Montevideo 2019}) 12. Nxg6 hxg6 13. Nd2 Qc7 (13... e5 $142) 14. Re1 (14. f4 $11) 14... Ne7 ({Black should play} 14... e5 $15) 15. Nf1 Nf5 16. Bxf5 gxf5 17. Bg5 Nh7 $1 18. Re2 Nxg5 19. Qxg5 Bf4 20. Qh4 g6 21. g3 Bd6 $1 22. Qf6 Be7 23. Qe5 Qxe5 24. Rxe5 Bf6 25. Re2 Kg7 26. f4 b5 27. Nd2 {[#]} a5 (27... b4 $1 $17 {[%mdl 512] next ...bxc3 is good for Black.} 28. Nf3 (28. cxb4 Bxd4+) 28... bxc3 29. bxc3 Rac8) 28. Nf3 $11 b4 29. cxb4 (29. Rc1 $11 {remains equal.}) 29... axb4 $17 {[%cal Ba5b4,Bb4b3][%mdl 32]} 30. Rc2 {[#]} (30. a4 $142) 30... b3 $1 {[%mdl 512]} 31. Rc3 (31. axb3 Rxa1+) 31... bxa2 32. Ra3 Rxa3 33. bxa3 {[%mdl 4096] Endgame [#] KRB-KRN} Rc8 (33... Ra8 $1 $17 {[%cal Ra8a3]} 34. Rxa2 Ra4) 34. Rxa2 $11 Rc4 35. a4 $1 Bxd4+ 36. Nxd4 Rxd4 {KR-KR} 37. a5 {Strongly threatening a6.} Rc4 38. a6 {Threatens to win with a7.} Rc8 39. a7 Ra8 40. Kf2 {Ke3 is the strong threat.} Kf6 41. Ke3 Ke7 42. Kd4 Kd6 43. Ra6+ (43. h4 $11 {keeps the balance.}) 43... Kc7 $17 44. Ke5 $2 (44. Ra2 $17 {was necessary.}) 44... Kb7 $1 $19 {[%csl LRa6,LRa7][%mdl 64] Double Attack} 45. Ra2 {intending Rb2+.} Rxa7 46. Rc2 Kb6 47. Kd6 $2 (47. Rc1) 47... Kb5 48. h3 Kb4 (48... d4 $142 {Hoping for ...Kb4.} 49. g4 Kb4) 49. g4 (49. Ke5 $142 Ra3 50. Kd4) 49... fxg4 50. hxg4 Kb3 51. Rc1 Ra4 52. f5 gxf5 53. gxf5 Re4 54. f6 {[#]} Rf4 $2 (54... d4 $1 $19 {White must now prevent ...d3.} 55. Rb1+ Kc2) 55. Ke7 $1 $11 {The position is equal.} d4 56. Kxf7 d3 {aiming for ...e5.} (56... e5 $5 57. Ke6 $8 d3 58. Kxe5 Rf2 $11) 57. Kxe6 d2 58. Rd1 Kc2 {[#]} 59. Rxd2+ $1 {[%mdl 512]} Kxd2 60. f7 Rxf7 61. Kxf7 {Whites escaped into a draw. Accuracy: White = 51%, Black = 76%.} 1/2-1/2

[Event "Stay Safe Play From Home 396"]
[Site "Emanuel Lasker Arena"]
[Date "2020.08.19"]
[Round "4"]
[White "Kongle"]
[Black "Dukic"]
[Result "0-1"]
[WhiteElo "1760"]
[BlackElo "1713"]
[Annotator "NA RC"]
[PlyCount "88"]
[EventDate "2020.08.19"]
[EventType "swiss (blitz)"]

1. d4 {[%emt 0:00:02]} e6 {[%emt 0:00:02]} 2. c4 {[%emt 0:00:01]} d5 {[%emt 0:00:01]} 3. Nc3 {[%emt 0:00:02]} dxc4 {[%emt 0:00:03]} 4. e4 {[%emt 0:00:05]} a6 {[%emt 0:00:02]} 5. Bxc4 {[%emt 0:00:02]} b5 {[%emt 0:00:01]} 6. Bb3 {[%emt 0:00:01]} Bb7 {[%emt 0:00:01]} 7. f3 {[%emt 0:00:01]} Nf6 {[%emt 0:00:02]} 8. Bg5 {[%emt 0:00:01]} h6 {[%emt 0:00:03]} 9. Bh4 {[%emt 0:00:02]} Nbd7 {[%emt 0:00:10]} 10. Nge2 {[%emt 0:00:12]} g5 {[%emt 0:00:05]} 11. Bg3 {[%emt 0:00:08]} c5 {[%emt 0:00:01]} 12. e5 {[%emt 0:00:08]} Nh5 {[%emt 0:00:03]} 13. Bf2 {[%emt 0:00:03]} cxd4 {[%emt 0:00:08]} 14. Bxd4 {[%emt 0:00:07]} Bg7 {[%emt 0:00:04]} 15. Qd3 {[%emt 0:00:32]} Nxe5 {[%emt 0:00:05]} 16. Qc2 {[%emt 0:00:09]} Rc8 {[%emt 0:00:05]} 17. Bxe5 {[%emt 0:00:06]} Bxe5 {[%emt 0:00:02]} 18. Bxe6 {[%emt 0:00:01]} Rc7 {[%emt 0:00:39]} 19. Qg6 {[%emt 0:00:12]} fxg6 {[%emt 0:00:06]} 20. O-O {[%emt 0:00:10]} Qe7 {[%emt 0:00:05]} 21. Bb3 {[%emt 0:00:05]} Rf8 {[%emt 0:00:12]} 22. Rad1 {[%emt 0:00:07]} Rf6 {[%emt 0:00:20]} 23. Bd5 {[%emt 0:00:30]} Rd6 {[%emt 0:00:26]} 24. Bxb7 {[%emt 0:00:04]} Rxb7 {[%emt 0:00:01]} 25. Ne4 {[%emt 0:00:06]} Rxd1 {[%emt 0:00:09]} 26. Rxd1 {[%emt 0:00:02]} Rc7 {[%emt 0:00:00]} 27. N2c3 {[%emt 0:00:09]} Qe6 {[%emt 0:00:10]} 28. Nd5 {[%emt 0:00:08]} Rd7 {[%emt 0:00:04]} 29. Nc5 {[%emt 0:00:01]} Qxd5 {[%emt 0:00:10]} 30. Rxd5 {[%emt 0:00:06]} Rxd5 {[%emt 0:00:01]} 31. Nxa6 {[%emt 0:00:01]} Bxb2 {[%emt 0:00:02]} 32. Nb4 {[%emt 0:00:04]} Rd2 {[%emt 0:00:01]} 33. g4 {[%emt 0:00:05]} Nf4 {[%emt 0:00:02]} 34. Kf1 {[%emt 0:00:14]} Bc3 {[%emt 0:00:03]} 35. Na6 {[%emt 0:00:11]} Rc2 {[%emt 0:00:04]} 36. Nc7+ {[%emt 0:00:02]} Kd7 {[%emt 0:00:06]} 37. Nxb5 {[%emt 0:00:00]} Be5 {[%emt 0:00:06]} 38. a4 {[%emt 0:00:01]} Rxh2 {[%emt 0:00:02]} 39. a5 {[%emt 0:00:03]} Ra2 {[%emt 0:00:01]} 40. a6 {[%emt 0:00:07]} Rxa6 {[%emt 0:00:03]} 41. Ke1 {[%emt 0:00:00]} Ra2 {[%emt 0:00:02]} 42. Kd1 {[%emt 0:00:01]} Kc6 {[%emt 0:00:02]} 43. Kc1 {[%emt 0:00:07]} Kxb5 {[%emt 0:00:01]} 44. Kb1 {[%emt 0:00:02]} Rf2 {[%emt 0:00:01] Kongle resigns Kongle resigns Kongle resigns (Lag: Av=0.63s, max=1.0s) (Lag: Av=0.63s, max=1.0s) (Lag: Av=0.63s, max=1.0s)} 0-1

[Event "Stay Safe Play From Home 396"]
[Site "Emanuel Lasker Arena"]
[Date "2020.08.19"]
[Round "4"]
[White "Erdema"]
[Black "Tunca"]
[Result "0-1"]
[WhiteElo "1708"]
[BlackElo "1735"]
[Annotator "NA RC"]
[PlyCount "68"]
[EventDate "2020.08.19"]
[EventType "swiss (blitz)"]

1. e4 {[%emt 0:00:02]} e5 {[%emt 0:00:01]} 2. Nf3 {[%emt 0:00:02]} Nc6 {[%emt 0:00:02]} 3. Bc4 {[%emt 0:00:02]} Bc5 {[%emt 0:00:01]} 4. d3 {[%emt 0:00:01]} Nf6 {[%emt 0:00:02]} 5. h3 {[%emt 0:00:02]} d6 {[%emt 0:00:01]} 6. O-O {[%emt 0:00:01]} O-O {[%emt 0:00:01]} 7. a3 {[%emt 0:00:02]} a6 {[%emt 0:00:02]} 8. Nc3 {[%emt 0:00:02]} Ne7 {[%emt 0:00:09]} 9. Bg5 {[%emt 0:00:04]} Ng6 {[%emt 0:00:01]} 10. Nd5 {[%emt 0:00:03]} c6 {[%emt 0:00:04]} 11. Nxf6+ {[%emt 0:00:02]} gxf6 {[%emt 0:00:00]} 12. Bh6 {[%emt 0:00:02]} Re8 {[%emt 0:00:00]} 13. Nh2 {[%emt 0:00:04]} Be6 {[%emt 0:00:01]} 14. Bxe6 {[%emt 0:00:04]} fxe6 {[%emt 0:00:02]} 15. Qf3 {[%emt 0:00:04]} d5 {[%emt 0:00:42]} 16. Ng4 {[%emt 0:00:04]} Be7 {[%emt 0:00:03]} 17. Rfe1 {[%emt 0:00:08]} Kh8 {[%emt 0:00:35]} 18. c3 {[%emt 0:00:08]} Rg8 {[%emt 0:00:06]} 19. exd5 {[%emt 0:00:08]} exd5 {[%emt 0:00:19]} 20. g3 {[%emt 0:00:15]} Qd6 {[%emt 0:00:23]} 21. Qf5 {[%emt 0:00:06]} Bf8 {[%emt 0:00:24]} 22. Bxf8 {[%emt 0:00:38]} Raxf8 {[%emt 0:00:00]} 23. h4 {[%emt 0:00:05]} Ne7 {[%emt 0:00:07]} 24. Qf3 {[%emt 0:00:06]} Qe6 {[%emt 0:00:21]} 25. Nh2 {[%emt 0:00:13]} Rg6 {[%emt 0:00:06]} 26. Kg2 {[%emt 0:00:12]} Rfg8 {[%emt 0:00:01]} 27. Rad1 {[%emt 0:00:10]} Nf5 {[%emt 0:00:01]} 28. Kh1 {[%emt 0:00:14]} b5 {[%emt 0:00:12]} 29. b4 {[%emt 0:00:09]} Nd6 {[%emt 0:00:03]} 30. Qg2 {[%emt 0:00:24]} Nf5 {[%emt 0:00:02]} 31. Nf1 {[%emt 0:00:13]} Nxh4 {[%emt 0:00:03]} 32. gxh4 {[%emt 0:00:10]} Rxg2 {[%emt 0:00:06]} 33. Re3 {[%emt 0:00:16]} Rg1+ {[%emt 0:00:06]} 34. Kh2 {[%emt 0:00:02]} R8g2# {[%emt 0:00:00] (Lag: Av=0.69s, max=1.4s) (Lag: Av=0.69s, max=1.4s) (Lag: Av=0.69s, max=1.4s)} 0-1

[Event "Stay Safe Play From Home 396"]
[Site "Emanuel Lasker Arena"]
[Date "2020.08.19"]
[Round "4"]
[White "matematyk3"]
[Black "Ionelluca"]
[Result "1-0"]
[WhiteElo "1490"]
[BlackElo "2018"]
[Annotator "TA"]
[PlyCount "59"]
[EventDate "2020.08.19"]
[EventType "swiss (blitz)"]

{[%evp 14,59,-7,-24,51,0,-5,-21,-17,-22,3,-30,-31,-30,-31,-44,48,43,58,49,63,57,59,24,87,0,0,0,0,-15,-22,-26,629,621,633,608,625,604,604,594,787,786,874,866,29974,29945,29984,29985]} 1. d4 Nf6 2. c4 e6 3. Nc3 Bb4 4. Bd2 b6 5. Nf3 Bb7 6. e3 O-O 7. Be2 d5 8. O-O a6 {E51: Nimzo-Indian: Rubinstein: 4...0-0 5 Nf3 d5.} ({Better is} 8... Bd6 $11) 9. cxd5 (9. Nxd5 $1 $14 Nxd5 10. cxd5 Bxd2 11. Qxd2 (11. Nxd2 exd5 12. Rc1 Nd7 $14)) 9... exd5 $11 10. a3 Bd6 {The position is equal.} 11. b4 c6 12. Rc1 {[#]} Nbd7 $146 ({Predecessor:} 12... a5 13. Qb3 Qe7 14. Na4 axb4 15. Bxb4 Bxb4 16. axb4 b5 17. Nc5 Ne4 18. Rfd1 Nxc5 19. dxc5 {½-½ (58) Saller,I-Molnar,D Hungary 2007}) 13. Bd3 Re8 14. Re1 Nf8 (14... Ne4 $15) 15. e4 $14 dxe4 16. Nxe4 Nxe4 17. Bxe4 Rc8 18. Qa4 Ng6 (18... Rxe4 $11 19. Rxe4 c5) 19. Bxg6 (19. Qc2 $16) 19... hxg6 $11 20. Rxe8+ Qxe8 21. Be3 Qe4 22. Re1 Re8 $2 {[%mdl 8192] [#] Loses the game.} (22... Qd5 $11) 23. Bd2 $18 Qxe1+ 24. Bxe1 g5 25. Kf1 g4 {[#]} 26. Ne5 $1 {[%mdl 64] Double Attack} a5 (26... Bxe5 27. dxe5) 27. Nxc6 axb4 28. Nxb4 Bxb4 29. Qxe8+ Kh7 30. Bxb4 {Accuracy: White = 68%, Black = 52%.} 1-0

[Event "Stay Safe Play From Home 396"]
[Site "Emanuel Lasker Arena"]
[Date "2020.08.19"]
[Round "5"]
[White "Mepe_Nika"]
[Black "Johni"]
[Result "1-0"]
[WhiteElo "2370"]
[BlackElo "1779"]
[Annotator "TA"]
[PlyCount "81"]
[EventDate "2020.08.19"]
[EventType "swiss (blitz)"]

{[%evp 16,81,25,15,32,40,96,40,35,41,29,22,43,14,13,0,4,4,4,1,4,7,13,0,11,0,0,0,0,0,2,2,30,16,22,0,0,0,31,29,67,67,67,67,69,67,65,74,120,123,190,194,318,310,287,283,284,266,287,297,285,276,362,256,458,427,5365,5314]} 1. Nf3 c6 2. d4 d5 3. c4 Nf6 4. Nc3 e6 5. e3 Nbd7 6. Qc2 Bd6 7. Bd3 h6 8. O-O O-O 9. b3 a6 {D46: Semi-Slav: 5 e3 Nbd7 6 Bd3, Black avoids the Meran.} 10. Bb2 e5 {[#]} (10... b6 $14) 11. dxe5 $146 (11. Nxd5 $16 {[%cal Rd4e5]} cxd5 12. dxe5) ({Predecessor:} 11. cxd5 cxd5 12. dxe5 Nxe5 13. Nxe5 Bxe5 14. Ne2 Bxb2 15. Qxb2 Be6 16. Rac1 Qd6 17. h3 {1-0 (60) Kowalczyk,P (2126)-Kowalczyk,M (1917) Polanica Zdroj 2012}) 11... Nxe5 $14 {White is slightly better.} 12. Nxe5 Bxe5 13. h3 dxc4 14. Bxc4 Qe7 15. Rad1 Be6 16. Bxe6 Qxe6 17. Rd3 Rfd8 18. Rfd1 Rxd3 19. Qxd3 Re8 20. Na4 Bxb2 21. Nxb2 Ne4 22. Nc4 Qf6 23. Qc2 g6 24. Rd4 Ng5 25. Qd1 (25. Nd6 {looks sharper.} Re7 26. b4 Ne6 27. Ne4 Qe5 28. Rd1) 25... Ne4 26. Qf3 Qxf3 27. gxf3 $11 {[%mdl 4096] Endgame KRN-KRN} Ng5 28. Kg2 Re7 29. Rd8+ Kg7 30. Nd6 Ne6 31. Rb8 b5 32. Rb6 c5 (32... Nc5 $16 {keeps fighting.}) 33. Rxa6 $18 Rd7 (33... b4 $142 34. f4 f5) 34. Nxb5 Rd2 35. Nc3 Rc2 36. Ne4 c4 37. bxc4 Rxc4 38. Ra7 Rc2 39. a4 Nc5 $2 {[#]} (39... Rc6 40. f4 Rc7) 40. Rc7 Nxe4 (40... Nd3 $142) 41. Rxc2 {Accuracy: White = 91%, Black = 46%.} 1-0

[Event "Stay Safe Play From Home 396"]
[Site "Emanuel Lasker Arena"]
[Date "2020.08.19"]
[Round "5"]
[White "Haris kollari 13"]
[Black "Greblah"]
[Result "0-1"]
[WhiteElo "1933"]
[BlackElo "1918"]
[Annotator "NA RC"]
[PlyCount "98"]
[EventDate "2020.08.19"]
[EventType "swiss (blitz)"]

1. e4 {[%emt 0:00:04]} c6 {[%emt 0:00:00]} 2. d4 {[%emt 0:00:02]} d5 {[%emt 0:00:00]} 3. e5 {[%emt 0:00:01]} Bf5 {[%emt 0:00:01]} 4. Bd3 {[%emt 0:00:01]} Bxd3 {[%emt 0:00:01]} 5. Qxd3 {[%emt 0:00:01]} e6 {[%emt 0:00:01]} 6. c4 {[%emt 0:00:01]} dxc4 {[%emt 0:00:02]} 7. Qxc4 {[%emt 0:00:01]} Nd7 {[%emt 0:00:01]} 8. Nc3 {[%emt 0:00:01]} Nb6 {[%emt 0:00:01]} 9. Qd3 {[%emt 0:00:01]} Ne7 {[%emt 0:00:01]} 10. Nge2 {[%emt 0:00:04]} Ned5 {[%emt 0:00:01]} 11. Be3 {[%emt 0:00:01]} Be7 {[%emt 0:00:02]} 12. O-O {[%emt 0:00:01]} O-O {[%emt 0:00:01]} 13. a3 {[%emt 0:00:01]} Rc8 {[%emt 0:00:05]} 14. Rac1 {[%emt 0:00:02]} f5 {[%emt 0:00:16]} 15. f4 {[%emt 0:00:03]} Nxe3 {[%emt 0:00:05]} 16. Qxe3 {[%emt 0:00:02]} Nd5 {[%emt 0:00:02]} 17. Nxd5 {[%emt 0:00:02]} cxd5 {[%emt 0:00:01]} 18. Rxc8 {[%emt 0:00:02]} Qxc8 {[%emt 0:00:01]} 19. Rc1 {[%emt 0:00:01]} Qd8 {[%emt 0:00:08]} 20. Qc3 {[%emt 0:00:01]} Qd7 {[%emt 0:00:22]} 21. Qc7 {[%emt 0:00:06]} Rd8 {[%emt 0:00:07]} 22. Kf2 {[%emt 0:00:13]} Kf7 {[%emt 0:00:02]} 23. Rc3 {[%emt 0:00:10]} Ke8 {[%emt 0:00:15]} 24. Ke3 {[%emt 0:00:03]} Qxc7 {[%emt 0:00:05]} 25. Rxc7 {[%emt 0:00:01]} Rd7 {[%emt 0:00:00]} 26. Rxd7 {[%emt 0:00:06]} Kxd7 {[%emt 0:00:01]} 27. a4 {[%emt 0:00:06]} Kc6 {[%emt 0:00:02]} 28. Kd3 {[%emt 0:00:06]} b5 {[%emt 0:00:01]} 29. axb5+ {[%emt 0:00:04]} Kxb5 {[%emt 0:00:01]} 30. Nc3+ {[%emt 0:00:02]} Kb4 {[%emt 0:00:04]} 31. h3 {[%emt 0:00:03]} a6 {[%emt 0:00:03]} 32. g4 {[%emt 0:00:02]} g6 {[%emt 0:00:02]} 33. g5 {[%emt 0:00:01]} Kb3 {[%emt 0:00:01]} 34. Nd1 {[%emt 0:00:07]} Bb4 {[%emt 0:00:09]} 35. h4 {[%emt 0:00:02]} Be1 {[%emt 0:00:02]} 36. h5 {[%emt 0:00:02]} gxh5 {[%emt 0:00:04]} 37. Nc3 {[%emt 0:00:06]} Bxc3 {[%emt 0:00:04]} 38. bxc3 {[%emt 0:00:01]} h4 {[%emt 0:00:03]} 39. c4 {[%emt 0:00:02]} dxc4+ {[%emt 0:00:05]} 40. Kd2 {[%emt 0:00:01]} c3+ {[%emt 0:00:09]} 41. Kd3 {[%emt 0:00:01]} c2 {[%emt 0:00:03]} 42. d5 {[%emt 0:00:01]} c1=Q {[%emt 0:00:05]} 43. dxe6 {[%emt 0:00:01]} Qc4+ {[%emt 0:00:02]} 44. Ke3 {[%emt 0:00:01]} Qxe6 {[%emt 0:00:02]} 45. Kd4 {[%emt 0:00:01]} h3 {[%emt 0:00:04]} 46. Kc5 {[%emt 0:00:01]} h2 {[%emt 0:00:01]} 47. g6 {[%emt 0:00:00]} Qxg6 {[%emt 0:00:03]} 48. Kd5 {[%emt 0:00:02]} h1=Q+ {[%emt 0:00:01]} 49. Kd4 {[%emt 0:00:01]} Qb6+ {[%emt 0:00:02] Haris kollari 13 resigns Haris kollari 13 resigns Haris kollari 13 resigns (Lag: Av=0.40s, max=0.5s) (Lag: Av=0.40s, max=0.5s) (Lag: Av=0.40s, max=0.5s)} 0-1